[Event "Quebec-ch Senior"]
[Site "Montreal"]
[Date "2014.02.09"]
[Round "5"]
[White "Blais, Georges"]
[Black "Lafleche, Alain"]
[Result "1/2-1/2"]
[WhiteElo "1479"]
[BlackElo "1793"]
[PlyCount "92"]
[EventDate "2014.02.07"]
[EventType "swiss"]
[EventRounds "5"]
[EventCountry "CAN"]
[SourceTitle "EXT 2022"]
[Source "ChessBase"]
[SourceDate "2021.10.06"]
[SourceVersion "1"]
[SourceVersionDate "2021.10.06"]
[SourceQuality "1"]

1. d4 d5 2. Nf3 Nc6 3. e3 Bg4 4. c3 e6 5. Nbd2 a6 6. a3 b5 7. Be2 Bd6 8. e4 dxe4 9. Nxe4 Be7 10. h3 Bh5 11. Ng3 Bg6 12. Bf4 Nf6 13. Ne5 Nxe5 14. Bxe5 0-0 15. Bf3 Rb8 16. Qe2 Nd5 17. 0-0 f6 18. Bxd5 exd5 19. Bf4 Bd6 20. Qf3 Bxf4 21. Qxf4 Qd7 22. Qd2 Rfe8 23. Ne2 Re7 24. Nf4 Bf7 25. Nd3 Qf5 26. Nc5 a5 27. Rfe1 Rbe8 28. Rxe7 Rxe7 29. Nd3 h6 30. Re1 Rxe1+ 31. Nxe1 Bg6 32. Qe2 Kh7 33. Qxb5 h5 34. Nf3 Qb1+ 35. Kh2 Qe4 36. Kg1 Qb1+ 37. Kh2 Qe4 38. Kg1 Bf5 39. Nd2 Qe1+ 40. Nf1 Qd1 41. Kh2 Bd3 42. Ne3 Qe2 43. Qxd5 Qxf2 44. Qf3 Qxb2 45. Qxh5+ Kg8 46. Qe8+ Kh7 1/2-1/2

[Event "Quebec op U1700"]
[Site "Montreal"]
[Date "2012.07.23"]
[Round "4"]
[White "Blais, Georges"]
[Black "Spaulding, Derrick"]
[Result "1/2-1/2"]
[WhiteElo "1545"]
[BlackElo "1330"]
[PlyCount "83"]
[EventDate "2012.07.21"]
[EventType "swiss"]
[EventRounds "9"]
[EventCountry "CAN"]
[SourceTitle "EXT 2022"]
[Source "ChessBase"]
[SourceDate "2021.10.06"]
[SourceVersion "1"]
[SourceVersionDate "2021.10.06"]
[SourceQuality "1"]

1. d4 Nf6 2. Nf3 d5 3. e3 Bf5 4. c3 e6 5. Nbd2 c5 6. Nh4 Be4 7. Nxe4 Nxe4 8. Nf3 c4 9. Qc2 Bd6 10. Bxc4 0-0 11. Bd3 f5 12. 0-0 Nd7 13. c4 Rc8 14. c5 Ndf6 15. b4 Bb8 16. Nd2 Qc7 17. g3 Qf7 18. f4 Nxd2 19. Qxd2 Qg6 20. Qg2 Ne4 21. a4 Rf6 22. Bxe4 dxe4 23. Bb2 Rff8 24. Rac1 Rfd8 25. Rc4 Qe8 26. Ra1 Rd5 27. Qc2 a6 28. Qb3 Bc7 29. Rac1 Bd8 30. b5 Bf6 31. c6 bxc6 32. Rxc6 Rxc6 33. Rxc6 axb5 34. axb5 h5 35. Qc4 Kh7 36. b6 h4 37. Bc3 Qh5 38. Qf1 Qg4 39. Qf2 Rb5 40. Be1 Rb1 41. b7 Rxb7 42. Rc1 1/2-1/2

[Event "Quebec op U1700"]
[Site "Montreal"]
[Date "2012.07.21"]
[Round "1"]
[White "Gauthier, Martin"]
[Black "Blais, Georges"]
[Result "1/2-1/2"]
[WhiteElo "1364"]
[BlackElo "1545"]
[PlyCount "80"]
[EventDate "2012.07.21"]
[EventType "swiss"]
[EventRounds "9"]
[EventCountry "CAN"]
[SourceTitle "EXT 2022"]
[Source "ChessBase"]
[SourceDate "2021.10.06"]
[SourceVersion "1"]
[SourceVersionDate "2021.10.06"]
[SourceQuality "1"]

1. d4 f5 2. c4 Nf6 3. Nc3 e6 4. Nf3 b6 5. e3 Bb7 6. Be2 Be7 7. 0-0 0-0 8. Qc2 Qe8 9. d5 Qg6 10. Ne5 Qe8 11. Bf3 d6 12. Nd3 e5 13. Be2 Nbd7 14. f4 e4 15. Nf2 a5 16. Nb5 Qc8 17. Nd4 Nc5 18. b3 Ne8 19. Bb2 Bf6 20. Nh1 g6 21. Bc3 Ng7 22. Ng3 Qd7 23. Qb2 Qe7 24. Nb5 Bxc3 25. Qxc3 c6 26. dxc6 Bxc6 27. Nd4 Bb7 28. Rfd1 Rac8 29. Qb2 Nge6 30. Nb5 Rfd8 31. Rd2 Bc6 32. Nd4 Nxd4 33. Rxd4 Ne6 34. Rd2 Nc5 35. Rad1 Rd7 36. b4 axb4 37. Qxb4 Qd8 38. Nf1 Rb8 39. Rd4 Qc7 40. R4d2 Rbd8 1/2-1/2

[Event "Montreal op 07"]
[Site "Montreal"]
[Date "2003.07.17"]
[Round "7"]
[White "Thibault, Mario"]
[Black "Blais, Georges"]
[Result "1/2-1/2"]
[WhiteElo "1715"]
[BlackElo "1616"]
[PlyCount "65"]
[EventDate "2003.07.12"]
[EventType "swiss"]
[EventRounds "9"]
[EventCountry "CAN"]
[SourceTitle "EXT 2009"]
[Source "ChessBase"]
[SourceDate "2008.11.26"]
[SourceVersion "1"]
[SourceVersionDate "2008.11.26"]
[SourceQuality "1"]

1. Nf3 c5 2. g3 Nf6 3. Bg2 g6 4. 0-0 Bg7 5. d3 0-0 6. e4 d6 7. c3 Nc6 8. Nbd2 Rb8 9. a3 Qc7 10. Rb1 b5 11. d4 cxd4 12. Nxd4 Qb6 13. Nxc6 Qxc6 14. e5 Nd5 15. Nb3 e6 16. exd6 Bb7 17. Na5 Qd7 18. Nxb7 Qxb7 19. Bg5 Rfe8 20. Re1 Bf8 21. Be7 Bxe7 22. dxe7 Rxe7 23. Qb3 Rd7 24. Rbd1 Rbd8 25. Rd2 Qb6 26. Red1 Nf6 27. Rxd7 Rxd7 28. Rxd7 Nxd7 29. Qd1 Qc7 30. Bf1 Qb7 31. Bg2 Qc7 32. Qd3 a6 33. Qd4 1/2-1/2

[Event "Montreal op 07"]
[Site "Montreal"]
[Date "2003.07.13"]
[Round "3"]
[White "Blais, Georges"]
[Black "Bolduc, Rene"]
[Result "1-0"]
[WhiteElo "1616"]
[BlackElo "1521"]
[PlyCount "97"]
[EventDate "2003.07.12"]
[EventType "swiss"]
[EventRounds "9"]
[EventCountry "CAN"]
[SourceTitle "EXT 2009"]
[Source "ChessBase"]
[SourceDate "2008.11.26"]
[SourceVersion "1"]
[SourceVersionDate "2008.11.26"]
[SourceQuality "1"]

1. Nf3 Nc6 2. b3 e5 3. d3 d5 4. Bb2 Bd6 5. g3 Nf6 6. Bg2 0-0 7. 0-0 Qe7 8. Nbd2 h6 9. c4 d4 10. Ne1 Bd7 11. Nc2 a5 12. a3 Rab8 13. e3 dxe3 14. Nxe3 b5 15. Nd5 Nxd5 16. Bxd5 Kh8 17. Qf3 Nd4 18. Bxd4 exd4 19. Rfe1 Qf6 20. Qxf6 gxf6 21. Ne4 c6 22. Nxd6 cxd5 23. Re7 Be6 24. Nxb5 dxc4 25. bxc4 Rfd8 26. Rc1 Kg7 27. Kf1 Rb6 28. Ra7 Bf5 29. Rd1 Bh3+ 30. Ke2 Re6+ 31. Kd2 Re5 32. Ra6 Bg4 33. Re1 Rxe1 34. Kxe1 Re8+ 35. Kd2 Re2+ 36. Kc1 Rxf2 37. Nxd4 Rxh2 38. Rxa5 Rg2 39. Nf5+ Bxf5 40. Rxf5 Kg6 41. Rf3 f5 42. c5 Ra2 43. d4 Kf6 44. Re3 Kg5 45. c6 f4 46. gxf4+ Kxf4 47. Rc3 Ke4 48. c7 Kxd4 49. c8Q 1-0